000 00197 a2200097 4500
020 _a9781595669513
041 _aspa
100 _aAskew, Amanda
245 _aMaquinas increibles, Gruas
942 _cBK
999 _c30929
_d30927